Resources to reserves oil & gas technologies for the energy markets of the future

Guardado en:
Detalles Bibliográficos
Formato: Libro
Lenguaje:inglés
Publicado: Paris OECD
Materias:
Etiquetas: Agregar Etiqueta
Sin Etiquetas, Sea el primero en etiquetar este registro!

MARC

LEADER 00000nam$a2200000$$$4500
001 0036886
005 20221205071735.4
020 |a 92-64-10947-1 
041 0 |a eng 
044 |a FR 
245 1 0 |a Resources to reserves  |b oil & gas technologies for the energy markets of the future 
264 1 |a Paris  |b OECD 
300 |a 124 s. 
610 2 0 |a zdroje energetické 
610 2 0 |a ropa 
610 2 0 |a plyn zemný 
610 2 0 |a priemysel palivovo-energetický 
610 2 0 |a preprava 
610 2 0 |a bezpečnosť 
610 2 0 |a technológie nové 
610 2 0 |a trh energetický